000
00222 a2200109 4500
020
_a
9780062204394
041
_a
eng
100
_a
Retzlaff, Mandy
245
_a
One hundred and four horses
942
_c
BK
999
_c
29982
_d
29980
999
_d
29980